000 00473nam a22001817a 4500
005 20260604112123.0
008 260604b |||||||| |||| 00| 0 eng d
020 _a9789380444581
_c795
040 _aMAIN
041 _aEnglish
082 _a658.83
_bSRI
100 _aSrivastava, Vishal
_919140
245 _aMarketing Research
_b: Theory And Concepts
260 _aNew Delhi
_bA.B. Publication
300 _a412
650 _aCommerce (PM USHA)
_926705
942 _cBK
999 _c60988
_d60988